[Event "GRE-ch U16 Girls"]
[Site "Peristeri"]
[Date "2023.07.08"]
[Round "8"]
[White "Dalla, Maria Myrsini"]
[Black "Miliou, Pinelopi"]
[Result "0-1"]
[WhiteElo "1327"]
[BlackElo "1484"]
[PlyCount "84"]
[EventDate "2023.07.03"]
[EventType "swiss"]
[EventRounds "9"]
[EventCountry "GRE"]
[SourceTitle "EXT 2024"]
[Source "ChessBase"]
[SourceDate "2023.10.10"]
[SourceVersion "1"]
[SourceVersionDate "2023.10.10"]
[SourceQuality "1"]

1. e4 c5 2. Nf3 e6 3. d3 Nc6 4. g3 d6 5. Bg2 g6 6. 0-0 Bg7 7. Re1 Nge7 8. c3 0-0 9. Be3 f5 10. Na3 h6 11. h4 e5 12. Qd2 Kh7 13. Nc2 Rb8 14. d4 fxe4 15. Nh2 cxd4 16. cxd4 d5 17. dxe5 Nxe5 18. Bxa7 Ra8 19. Bc5 Be6 20. Bf1 Rf7 21. Nd4 Bf5 22. Nb5 b6 23. Bb4 N7c6 24. Bc3 Rd7 25. Nd4 Nxd4 26. Bxd4 Nc4 27. Qc3 Rc8 28. Bxg7 Rxg7 29. Rad1 Rd7 30. Qd4 Qc7 31. Bxc4 dxc4 32. Qc3 Rd3 33. Rxd3 cxd3 34. Qxc7+ Rxc7 35. Kg2 h5 36. Nf1 Rc2 37. Ne3 Rxb2 38. Nc4 Rxa2 39. Nxb6 d2 40. Rd1 Bg4 41. Rb1 d1Q 42. Rxd1 Bxd1 0-1

[Event "GRE-ch U16 Girls"]
[Site "Peristeri"]
[Date "2023.07.06"]
[Round "6"]
[White "Kalamoukou, Giolanta"]
[Black "Dalla, Maria Myrsini"]
[Result "1-0"]
[WhiteElo "1591"]
[BlackElo "1327"]
[PlyCount "143"]
[EventDate "2023.07.03"]
[EventType "swiss"]
[EventRounds "9"]
[EventCountry "GRE"]
[SourceTitle "EXT 2024"]
[Source "ChessBase"]
[SourceDate "2023.10.10"]
[SourceVersion "1"]
[SourceVersionDate "2023.10.10"]
[SourceQuality "1"]

1. d4 Nf6 2. c4 g6 3. Nc3 d5 4. Nf3 Bg7 5. Qb3 dxc4 6. Qxc4 0-0 7. e4 a6 8. e5 b5 9. Qb3 Nfd7 10. Ng5 Nb6 11. Be3 h6 12. Nge4 Be6 13. Qc2 Nd5 14. Be2 Nd7 15. Bf3 Rb8 16. 0-0 Nxc3 17. Qxc3 Bd5 18. Qd2 Bc4 19. Rfc1 Kh7 20. h4 c5 21. Nxc5 Nxc5 22. dxc5 Qxd2 23. Bxd2 Bxe5 24. Bc3 Bxc3 25. Rxc3 Rfd8 26. b3 Bd5 27. c6 Rbc8 28. c7 Rd7 29. Rd1 e6 30. Rdc1 Bxf3 31. gxf3 Kg7 32. Rc6 Kf6 33. Kg2 h5 34. Kg3 Ke5 35. R1c5+ Rd5 36. f4+ Kd4 37. Rc1 Ke4 38. f3+ Kf5 39. Rxa6 Rd7 40. Rac6 Kf6 41. a4 bxa4 42. bxa4 Ke7 43. Kf2 Rd6 44. R6c4 Ra6 45. Ke3 Ra7 46. Ke4 Kd6 47. Rc6+ Kd7 48. R1c4 Ke7 49. R6c5 Kd6 50. a5 f6 51. Rc6+ Kd7 52. a6 Rcxc7 53. Rxc7+ Rxc7 54. Rxc7+ Kxc7 55. Kd4 Kb6 56. a7 Kxa7 57. Kc5 g5 58. fxg5 fxg5 59. hxg5 h4 60. g6 h3 61. g7 h2 62. g8Q h1Q 63. Qf7+ Kb8 64. Qe8+ Ka7 65. Qd7+ Kb8 66. Qd6+ Ka7 67. Qc7+ Ka8 68. Kb6 Qb1+ 69. Kc6 Qc2+ 70. Kd7 Qd3+ 71. Kc8 Qd7+ 72. Qxd7 1-0

[Event "GRE-ch U20 Girls"]
[Site "Trikala"]
[Date "2023.04.24"]
[Round "9"]
[White "Dalla, Maria Myrsini"]
[Black "Tsekoura, Vaia"]
[Result "0-1"]
[WhiteElo "1272"]
[BlackElo "1690"]
[PlyCount "110"]
[EventDate "2023.04.18"]
[EventType "swiss"]
[EventRounds "9"]
[EventCountry "GRE"]
[SourceTitle "EXT 2024"]
[Source "ChessBase"]
[SourceDate "2023.10.10"]
[SourceVersion "1"]
[SourceVersionDate "2023.10.10"]
[SourceQuality "1"]

1. e4 c5 2. Nf3 Nc6 3. d4 cxd4 4. Nxd4 Nf6 5. Nc3 d6 6. Bg5 e6 7. Qd2 a6 8. Be2 Be7 9. Nb3 b5 10. a3 Bd7 11. 0-0 Rc8 12. f3 0-0 13. Rad1 Kh8 14. Rfe1 Ne5 15. Be3 Qc7 16. Bf1 Ng6 17. Qf2 Bc6 18. Rd2 Qb7 19. Na5 Qa8 20. Nxc6 Rxc6 21. Red1 Rfc8 22. Kh1 Qb7 23. Rd4 Ne5 24. R1d2 Ned7 25. Na2 Nc5 26. Rd1 Na4 27. c3 Nc5 28. Qc2 R6c7 29. R4d2 Ncd7 30. Bf2 a5 31. Qb3 b4 32. axb4 d5 33. exd5 Nxd5 34. b5 Nc5 35. Qc2 Bg5 36. Rd4 h6 37. c4 Nf4 38. h4 e5 39. R4d2 Bf6 40. b4 axb4 41. Nxb4 g5 42. Qf5 Kg7 43. Rd6 Nce6 44. hxg5 hxg5 45. Nc6 Rh8+ 46. Kg1 Ng6 47. Nb4 Be7 48. Nd5 Bxd6 49. Qf6+ Kg8 50. Nxc7 Qxc7 51. b6 Qb8 52. c5 Be7 53. Qf5 e4 54. g3 e3 55. Be1 Bxc5 0-1

[Event "GRE-ch U16 Girls"]
[Site "Thessaloniki"]
[Date "2022.08.23"]
[Round "8"]
[White "Dalla, Maria Myrsini"]
[Black "Kratimenou, Georgia"]
[Result "1/2-1/2"]
[WhiteElo "1302"]
[BlackElo "1494"]
[PlyCount "83"]
[EventDate "2022.08.18"]
[EventType "swiss"]
[EventRounds "9"]
[EventCountry "GRE"]
[SourceTitle "EXT 2024"]
[Source "ChessBase"]
[SourceDate "2023.10.10"]
[SourceVersion "1"]
[SourceVersionDate "2023.10.10"]
[SourceQuality "1"]

1. e4 e5 2. Nf3 d6 3. d4 exd4 4. Nxd4 Nf6 5. Nc3 Be7 6. Bc4 0-0 7. h3 Re8 8. 0-0 c6 9. Re1 Bf8 10. Bg5 Nbd7 11. a3 Ne5 12. Bb3 Be7 13. Qd2 h6 14. Bxf6 Bxf6 15. Rad1 Be7 16. f4 Ng6 17. Nf3 Bh4 18. Nxh4 Qxh4 19. Rf1 Rd8 20. Qf2 Qe7 21. Rfe1 Nf8 22. f5 Nd7 23. Qf4 Ne5 24. Rd2 b6 25. Red1 Bb7 26. Kh2 Rd7 27. Kg1 b5 28. Kh2 a5 29. Rd4 Rb8 30. R4d2 Ba8 31. Ne2 Qf6 32. Kg1 Rb6 33. Kh2 c5 34. Bd5 Bxd5 35. Rxd5 Nc4 36. Rxc5 Qxb2 37. Rc8+ Kh7 38. Nd4 Ne5 39. Qe3 Nc4 40. Qf4 Ne5 41. Qe3 Nc4 42. Qf4 1/2-1/2

[Event "GRE-ch U16 Girls"]
[Site "Thessaloniki"]
[Date "2022.08.19"]
[Round "3"]
[White "Kapia, Aggeliki"]
[Black "Dalla, Maria Myrsini"]
[Result "1-0"]
[WhiteElo "1258"]
[BlackElo "1302"]
[PlyCount "59"]
[EventDate "2022.08.18"]
[EventType "swiss"]
[EventRounds "9"]
[EventCountry "GRE"]
[SourceTitle "EXT 2024"]
[Source "ChessBase"]
[SourceDate "2023.10.10"]
[SourceVersion "1"]
[SourceVersionDate "2023.10.10"]
[SourceQuality "1"]

1. d4 d5 2. Nf3 Nf6 3. g3 Bf5 4. Bg2 e6 5. 0-0 Bd6 6. c4 c6 7. Qb3 Qb6 8. Qxb6 axb6 9. cxd5 exd5 10. Nc3 h6 11. Nh4 Bh7 12. Bh3 Bc7 13. Nf5 Bxf5 14. Bxf5 0-0 15. Bd2 Re8 16. a3 Ne4 17. Nxe4 dxe4 18. Bh3 c5 19. Rac1 Bd6 20. Be3 Na6 21. Rfd1 Rad8 22. Rd2 Kh7 23. dxc5 bxc5 24. Rcd1 Bc7 25. Rxd8 Rxd8 26. Rxd8 Bxd8 27. Bf5+ g6 28. Bxe4 b6 29. Bf4 Bf6 30. Bb7 1-0